000 00594nam a22002537a 4500
003 UA-OsUOA
001 20269
007 ta
008 20031020b un ||||| |||| 00| 0 ukr d
100 _aКетрару Н. А.
700 _aПолевой Л.Л.
090 _a902(478)
_bК37
942 _cBK
040 _aUA-OsUOA
_brus
_cUA-OsUOA
_dUA-OsUOA
245 _aМолдавия: от камня до бронзы
300 _a80 с.
955 _a0
041 _arus
080 _a902(478)
260 _bШтиинца
_c1971
044 _aRU
650 7 _2UDC
999 _c306444
_d306444